000 01095nam a22003257a 4500
003 CHAP
005 20220817043106.0
008 971010s1984 r 00010 d
010 _a65335
011 _a66307
035 _a74405
040 _cCHAP
082 0 4 _a001.424
_bB7y
100 0 0 _aBronson, Richard.
_915527
245 1 _aTeoría y problemas de investigación de operaciones
260 _aMéxico, D.F. :
_bMcGraw-Hill,
_c1984
300 _a324 p.
_b: ilus.; gráfs.
490 _aSerie de Compendios Schaum
_v; 310
590 _aBATCH-UPD
_b10
_c20130110
_lUCH01
_h0058
590 _aBATCH-UPD
_b10
_c20130110
_lUCH01
_h1738
590 _aBATCH-UPD
_b10
_c20130410
_lUCH01
_h1118
590 _aBATCH-UPD
_b10
_c20130914
_lUCH01
_h1850
590 _aCONVERSION
_b10
_c20130109
_lUCH01
_h1336
650 1 4 _aOperaciones
_xInvestigación.
_983361
830 0 _aSerie de Compendios Schaum
_v; 310
901 _aBK
942 _cLIBRO
949 _a001.424 B7y
_bBC
_cLIBRO
_d33724000720439
_eLIBRO
_fc.2
_h64323
_i74405
_si
949 _a001.424 B7y
_bBC
_cLIBRO
_d33724000937470
_eLIBRO
_h64322
_i74405
_si
999 _c65335
_d65335